|
|
|
|
| LEADER |
00868nab a2200193 i 4500 |
| 001 |
acta57252 |
| 005 |
20260224081030.0 |
| 008 |
190417s2018 hu o 000 hun d |
| 022 |
|
|
|a 0237-7934
|
| 040 |
|
|
|a SZTE Egyetemi Kiadványok Repozitórium
|b hun
|
| 041 |
|
|
|a hun
|
| 100 |
1 |
|
|a Csönge Attila
|
| 245 |
1 |
0 |
|a Szocialista iparosítás és társadalmi átalakulás
|h [elektronikus dokumentum] /
|c Csönge Attila
|
| 260 |
|
|
|c 2018
|
| 300 |
|
|
|a 174-178
|
| 490 |
0 |
|
|a Aetas
|v 33 No. 2
|
| 695 |
|
|
|a Gazdaságtörténet - Magyarország - regionális - könyvismertetés, Iparosítás - Magyarország - regionális - 1950-1970 - könyvismertetés, Szocialista gazdálkodás - Magyarország - könyvismertetés, Jász-Nagykun-Szolnok megye - könyvismertetés
|
| 700 |
0 |
1 |
|a Sebők Balázs
|
| 856 |
4 |
0 |
|u http://acta.bibl.u-szeged.hu/57252/1/aetas_2018_002_174-178.pdf
|z Dokumentum-elérés
|